LEADER 00589nas a2200157 i 4500 001 000000007586 003 CaOOAMICUS 005 20180830125438.0 008 180830s1967 it u0 ita u 040 $aSeMil$bita 245 10$aQuaderni di Rivista liturgica. 260 $aTorino-Leumann :$bElle Di Ci,$c1967-1974- 300 $a15 v. ;$c21 cm. 785 00$tQuaderni di Rivista liturgica. Nuova serie.$dLeumann : Elle Di Ci, 1974-1998-$w()292 996 $6245$aQuaderni di Rivista liturgica$9(OLS)http://semarc/title/6635 996 $6260$aTorino-Leumann :$bElle Di Ci$9(OLS)http://semarc/publisher/30113 LEADER 00748naa a2200169 i 4500 001 000000298254 003 CaOOAMICUS 005 20180831172620.0 008 180831n xx u000 u und u 013 $a5856 040 $aSeMil$bita 100 1 $aDi Sante, Carmine,$d<1941- >.$0(OLS)http://semarc/name/6206 245 13$aLa preghiera eucaristica erede e interprete della "Berakah". 650 4$aPreghiere eucaristiche.$0(OLS)http://semarc/subject/53655 650 4$aPreghiera - Giudaismo.$0(OLS)http://semarc/subject/43278 773 0 $tScriptura crescit cum orante.$dPadova : Messaggero, 1993.$kCaro Salutis Cardo. Contributi$z88-250-0213-0$w()66159 996 $6245$aLa preghiera eucaristica erede e interprete della "Berakah"$9(OLS)http://semarc/title/374275 LEADER 00528nab a2200133 i 4500 001 000000323955 003 CaOOAMICUS 005 20180831173434.0 008 180831n it uu u0 0ita r 013 $a34705 040 $aSeMil$bita 245 10$aGuida in Terra Santa, un servizio fraterno. - In [rubrica] :$bDiaconato. 773 0 $tMinistri al servizio della comunione. - 32 p. - Titolo dalla copertina.$gp.22-23$w()283474 996 $6245$aGuida in Terra Santa, un servizio fraterno. - In [rubrica] :$bDiaconato.$9(OLS)http://semarc/title/397332